Central Library OPAC University of Rajshahi

রবীন্দ্রনাথ / (Record no. 56115)

MARC details
000 -LEADER
fixed length control field 00880nam a2200241 a 4500
001 - CONTROL NUMBER
control field 56115
003 - CONTROL NUMBER IDENTIFIER
rucl marc code BD-RjUL
005 - DATE AND TIME OF LATEST TRANSACTION
control field 20211209080344.0
008 - FIXED-LENGTH DATA ELEMENTS--GENERAL INFORMATION
fixed length control field 161126s1956 ii ||||| |||| 00| 0 ben d
020 ## - INTERNATIONAL STANDARD BOOK NUMBER
Terms of availability : IRs 4.00
035 ## - SYSTEM CONTROL NUMBER
System control number (BD-RjUL)56239
040 ## - CATALOGING SOURCE
Original cataloging agency BD-RjUL
Language of cataloging ben
Transcribing agency BD-RjUL
041 ## - LANGUAGE CODE
Language code of text/sound track or separate title ben
082 ## - DEWEY DECIMAL CLASSIFICATION NUMBER
Edition number 23
Classification number 891.4414
Author mark and year SER 1956
100 ## - MAIN ENTRY--PERSONAL NAME
Personal name সেন, অশোক
9 (RLIN) 126004
245 10 - TITLE STATEMENT
Title রবীন্দ্রনাথ /
Statement of responsibility, etc. অশোক সেন
260 ## - PUBLICATION, DISTRIBUTION, ETC. (IMPRINT)
Place of publication, distribution, etc. কলিকাতা :
Name of publisher, distributor, etc. এ. মুখার্জী,
Date of publication, distribution, etc. ১৯৫৬ [?]
300 ## - PHYSICAL DESCRIPTION
Pagination খণ্ড. ;
Size ১৭ সেমি .
505 ## - FORMATTED CONTENTS NOTE
Formatted contents note পর্ব ২, সাঙ্কেতিক নাটক --
600 ## - SUBJECT ADDED ENTRY--PERSONAL NAME
Personal name Tagore, Robindronath,
Dates associated with a name 1861-1941
Personal name ঠাকুর, রবীন্দ্রনাথ,
Dates associated with a name ১৮৬১-১৯৪১
942 ## - ADDED ENTRY ELEMENTS (KOHA)
Source of classification or shelving scheme Dewey Decimal Classification
Koha item type Books
Holdings
Lost status Source of classification or shelving scheme Damaged status Not for loan Collection code Permanent Location Current Location Shelving location Date acquired Source of acquisition Cost, normal purchase price Total Checkouts Full call number Date last seen Date checked out Copy number Koha item type
  Dewey Decimal Classification     Non-fiction Central Library, University of Rajshahi Central Library, University of Rajshahi   11/07/1956 Dhaka, Nawroge Kitabistan 4.80 1 B 891.4414 SER Pt-2 1956 09/04/2026 08/04/2026 C-2 Books